000 00616nam a2200241Ia 4500
003 OSt
005 20220918184914.0
006 a|||||r|||| 00| 0
007 ta
008 220917b |||||||| |||| 00| 0 eng d
024 _a48,761
037 _cTextual
040 _aARTS
_cARTS
_beng
041 _2eng
_aeng
082 _aP:1, L56
100 _aBrend Ruth M ed
_966874
245 0 _aStudies in tone and intonation
260 _aMuchen
_bS Karger
_c1975
300 _a251p. illus
_ccm.
650 _aLINGUISTICS
942 _hP:1, L56
_cTEXL
_2CC
999 _c178387
_d178387